[Event "Tashkent zt 3.4"]
[Site "Tashkent"]
[Date "2009.06.25"]
[Round "13"]
[White "Kvon, Andrey"]
[Black "Mankeyev, Rauan"]
[Result "1-0"]
[WhiteElo "2425"]
[BlackElo "2402"]
[PlyCount "90"]
[EventDate "2009.06.17"]
[EventType "tourn"]
[EventRounds "13"]
[EventCountry "UZB"]
[EventCategory "9"]
[SourceTitle "CBM 131 Extra"]
[Source "ChessBase"]
[SourceDate "2009.09.03"]
[SourceVersion "2"]
[SourceVersionDate "2009.09.16"]
[SourceQuality "1"]

1. d4 Nf6 2. c4 e6 3. Nc3 Bb4 4. Nf3 0-0 5. Bg5 h6 6. Bh4 b6 7. e3 Bb7 8. Bd3 g5 9. Bg3 Ne4 10. 0-0 Bxc3 11. bxc3 f5 12. Nd2 Nxd2 13. Qxd2 d6 14. f3 Nd7 15. Rab1 Rb8 16. Qc2 a5 17. e4 f4 18. Bf2 Qe7 19. Rfd1 Rf7 20. Kf1 Rbf8 21. Qb3 g4 22. Ke2 Qg5 23. h3 Nf6 24. Kd2 gxf3 25. gxf3 Kh8 26. Rg1 Qh5 27. Qd1 e5 28. h4 Bc6 29. Rg2 Rd8 30. Qh1 Rg7 31. Rxg7 Kxg7 32. Rg1+ Kh7 33. Be2 Rg8 34. Rxg8 Kxg8 35. Qh3 Bd7 36. Qh1 Be6 37. Qb1 Qe8 38. c5 bxc5 39. dxe5 dxe5 40. Bxc5 Qd8+ 41. Kc2 Nd7 42. Bf2 Kg7 43. Qb5 Bxa2 44. c4 Nb6 45. Qxe5+ Qf6 1-0

[Event "Tashkent zt 3.4"]
[Site "Tashkent"]
[Date "2009.06.22"]
[Round "9"]
[White "Djuraev, Sokhib"]
[Black "Mankeyev, Rauan"]
[Result "1-0"]
[WhiteElo "2391"]
[BlackElo "2402"]
[PlyCount "92"]
[EventDate "2009.06.17"]
[EventType "tourn"]
[EventRounds "13"]
[EventCountry "UZB"]
[EventCategory "9"]
[SourceTitle "CBM 131 Extra"]
[Source "ChessBase"]
[SourceDate "2009.09.03"]
[SourceVersion "2"]
[SourceVersionDate "2009.09.16"]
[SourceQuality "1"]

1. e4 e6 2. d4 d5 3. Nd2 Nf6 4. e5 Nfd7 5. Bd3 c5 6. c3 Nc6 7. Ndf3 f6 8. exf6 Qxf6 9. Ne2 cxd4 10. cxd4 h6 11. a3 Bd6 12. Bc2 Ne7 13. Ng3 a6 14. Qe2 0-0 15. 0-0 Re8 16. Bd2 Nc6 17. Bc3 Nf8 18. Ne5 Qh4 19. f4 Bc7 20. Qd3 Ne7 21. Be1 Bxe5 22. fxe5 Qg4 23. h3 Qg5 24. Bd2 Qh4 25. Rf4 Qxf4 26. Bxf4 Bd7 27. a4 Rac8 28. Rf1 Rc4 29. b3 Rc6 30. Bd2 Nf5 31. Bb1 Ng6 32. Nh5 Rf8 33. g4 Nfh4 34. Rxf8+ Nxf8 35. Kf2 Be8 36. Kg3 Nhg6 37. Qf1 Rc7 38. Bd3 Rc8 39. h4 Rc7 40. Kh3 Rf7 41. Qe2 Rc7 42. Qd1 Rf7 43. Be3 Rc7 44. Qb1 Rc3 45. Bd2 Rc7 46. Ng3 Rf7 1-0

[Event "Tashkent zt 3.4"]
[Site "Tashkent"]
[Date "2009.06.21"]
[Round "7"]
[White "Jumabayev, Rinat"]
[Black "Mankeyev, Rauan"]
[Result "1-0"]
[WhiteElo "2544"]
[BlackElo "2402"]
[PlyCount "67"]
[EventDate "2009.06.17"]
[EventType "tourn"]
[EventRounds "13"]
[EventCountry "UZB"]
[EventCategory "9"]
[SourceTitle "CBM 131 Extra"]
[Source "ChessBase"]
[SourceDate "2009.09.03"]
[SourceVersion "2"]
[SourceVersionDate "2009.09.16"]
[SourceQuality "1"]

1. Nf3 Nf6 2. c4 c5 3. d4 cxd4 4. Nxd4 e5 5. Nb5 d5 6. cxd5 Bc5 7. N5c3 0-0 8. g3 Qb6 9. e3 Bg4 10. Be2 Bxe2 11. Qxe2 e4 12. Nd2 Re8 13. a3 Nbd7 14. 0-0 a5 15. Rd1 Rac8 16. Nc4 Qa6 17. a4 Bd6 18. Nb5 Rxc4 19. Qxc4 Ne5 20. Qe2 Nf3+ 21. Kg2 Ng4 22. Nd4 Qxe2 23. Nxe2 Rc8 24. Bd2 Nge5 25. Rac1 Ra8 26. Bc3 h5 27. Bxe5 Nxe5 28. Nc3 f5 29. Nb5 Bb4 30. d6 Nd3 31. d7 Nxc1 32. Rxc1 Rf8 33. Rc8 Be7 34. Nd6 1-0

[Event "Tashkent zt 3.4"]
[Site "Tashkent"]
[Date "2009.06.20"]
[Round "5"]
[White "Mankeyev, Rauan"]
[Black "Tologontegin, Semetey"]
[Result "0-1"]
[WhiteElo "2402"]
[BlackElo "2367"]
[PlyCount "115"]
[EventDate "2009.06.17"]
[EventType "tourn"]
[EventRounds "13"]
[EventCountry "UZB"]
[EventCategory "9"]
[SourceTitle "CBM 131 Extra"]
[Source "ChessBase"]
[SourceDate "2009.09.03"]
[SourceVersion "2"]
[SourceVersionDate "2009.09.16"]
[SourceQuality "1"]

1. c4 e5 2. Nc3 Nf6 3. g3 Bb4 4. Bg2 0-0 5. Nf3 Nc6 6. 0-0 e4 7. Ng5 Bxc3 8. bxc3 Re8 9. f3 e3 10. dxe3 d6 11. Rb1 Rb8 12. f4 Bf5 13. Rb5 Be4 14. Nxe4 Nxe4 15. Qc2 Qe7 16. g4 Qe6 17. Bxe4 Qxe4 18. Qd3 b6 19. Rd5 f6 20. Rf3 Na5 21. Rd4 Qe7 22. Rh3 g6 23. f5 g5 24. c5 Nb7 25. cxd6 Nxd6 26. Ba3 Rbd8 27. Bxd6 Rxd6 28. Kf2 Red8 29. Qc4+ Kg7 30. Re4 Qd7 31. Rd4 c5 32. Rxd6 Qxd6 33. Qe4 Rd7 34. Rh5 b5 35. Kf3 Qd1 36. Kf2 Qd6 37. Qf3 Qe5 38. Qc6 Re7 39. Rh3 Qxc3 40. Qxb5 Qe5 41. Qd3 Rc7 42. Rg3 h5 43. h3 h4 44. Rg2 Re7 45. a3 c4 46. Qd4 Qc7 47. Rg1 c3 48. Qd3 c2 49. Rc1 Rd7 50. Qxc2 Qg3+ 51. Kf1 Qxh3+ 52. Kf2 Qg3+ 53. Kf1 Qxg4 54. Qc6 Qxf5+ 55. Kg1 Re7 56. Rc3 Re4 57. Rc1 Rg4+ 58. Kh1 0-1

[Event "Tashkent zt 3.4"]
[Site "Tashkent"]
[Date "2009.06.18"]
[Round "3"]
[White "Mankeyev, Rauan"]
[Black "Annaberdiyev, Babageldi"]
[Result "1-0"]
[WhiteElo "2402"]
[BlackElo "2244"]
[PlyCount "103"]
[EventDate "2009.06.17"]
[EventType "tourn"]
[EventRounds "13"]
[EventCountry "UZB"]
[EventCategory "9"]
[SourceTitle "CBM 131 Extra"]
[Source "ChessBase"]
[SourceDate "2009.09.03"]
[SourceVersion "2"]
[SourceVersionDate "2009.09.16"]
[SourceQuality "1"]

1. d4 c5 2. d5 e5 3. Nc3 d6 4. Nf3 Nf6 5. Nd2 a6 6. a4 Be7 7. e4 0-0 8. Be2 Nbd7 9. 0-0 Re8 10. Nc4 Nf8 11. Be3 Ng6 12. a5 Nf4 13. Rb1 Nxe2+ 14. Qxe2 Bf8 15. h3 g6 16. b4 cxb4 17. Rxb4 Nh5 18. Nb6 Rb8 19. Rfb1 Qf6 20. Kh2 Nf4 21. Qf3 Qh4 22. Nca4 Bg7 23. c4 f5 24. Nxc8 Rbxc8 25. c5 dxc5 26. Bxc5 Rcd8 27. Bb6 Rd6 28. Bc7 Rd7 29. d6 Bf8 30. Nb6 Rxd6 31. Bxd6 Bxd6 32. Rc4 fxe4 33. Rxe4 Bc5 34. Nd7 Bd4 35. Rxb7 Re7 36. Qg3 Qxg3+ 37. fxg3 Nd5 38. Re1 Kg7 39. Reb1 Bc3 40. Nc5 Bxa5 41. Rxe7+ Nxe7 42. Rb7 Kf7 43. Nxa6 Bc3 44. Nc5 Bd4 45. Ne4 h6 46. g4 Ke6 47. Kg3 Nd5 48. Kf3 Be3 49. h4 Bc1 50. h5 gxh5 51. gxh5 Ne7 52. Rb1 1-0

[Event "KAZ-ch"]
[Site "Kostanay"]
[Date "2008.04.21"]
[Round "2"]
[White "Yurovsky, Sergey"]
[Black "Mankeyev, Rauan"]
[Result "0-1"]
[WhiteElo "2194"]
[BlackElo "2408"]
[PlyCount "66"]
[EventDate "2008.04.20"]
[EventType "swiss"]
[EventRounds "9"]
[EventCountry "KAZ"]
[SourceTitle "EXT 2022"]
[Source "ChessBase"]
[SourceDate "2021.10.06"]
[SourceVersion "1"]
[SourceVersionDate "2021.10.06"]
[SourceQuality "1"]

1. c4 Nf6 2. d4 e6 3. Nf3 c5 4. d5 exd5 5. cxd5 d6 6. Nc3 g6 7. e4 a6 8. a4 Bg4 9. h3 Bxf3 10. Qxf3 Bg7 11. Bd3 0-0 12. Bf4 Qe7 13. 0-0 Nbd7 14. Bc2 Nh5 15. Bh2 Rab8 16. a5 b5 17. axb6 Rxb6 18. Na4 Rb4 19. Ra2 Rfb8 20. b3 Bd4 21. Qe2 Ra8 22. Nb2 Bxb2 23. Rxb2 c4 24. Rbb1 cxb3 25. Rxb3 Rxb3 26. Bxb3 Nc5 27. Bc2 Nf6 28. Re1 Re8 29. Qc4 Nfxe4 30. f3 Qa7 31. Qd4 Nf6 32. Rxe8+ Nxe8 33. Bf4 Qe7 0-1

[Event "Pavlodar op"]
[Site "Pavlodar"]
[Date "2007.12.20"]
[Round "7"]
[White "Mankeyev, Rauan"]
[Black "Aitbayev, Aslan"]
[Result "0-1"]
[WhiteElo "2402"]
[BlackElo "2233"]
[PlyCount "86"]
[EventDate "2007.12.16"]
[EventType "swiss"]
[EventRounds "11"]
[EventCountry "KAZ"]
[SourceTitle "CBM 122 Extra"]
[Source "ChessBase"]
[SourceDate "2008.03.04"]
[SourceVersion "1"]
[SourceVersionDate "2008.03.04"]
[SourceQuality "1"]

1. d4 d5 2. c4 c6 3. Nf3 Nf6 4. Nc3 e6 5. Qd3 Nbd7 6. Bg5 Be7 7. e3 b6 8. Qc2 Bb7 9. cxd5 cxd5 10. Bd3 Rc8 11. 0-0 0-0 12. Nd2 h6 13. Bf4 Nh5 14. Be5 Nxe5 15. dxe5 d4 16. exd4 Qxd4 17. Rfe1 Bxg2 18. Bh7+ Kh8 19. Kxg2 g6 20. Re4 Qd7 21. Bxg6 fxg6 22. Rg4 Nf4+ 23. Kf1 Bb4 24. Rd1 Bxc3 25. bxc3 Qb5+ 26. c4 Qxe5 27. Nf3 Qf6 28. Rd4 e5 29. Re4 Rc5 30. Qc3 Nd5 31. Qd2 g5 32. Nxe5 Nc3 33. Ref4 gxf4 34. Ng6+ Kh7 35. Nxf8+ Qxf8 36. Qd7+ Kh8 37. Qd4+ Kh7 38. Qxc3 Rg5 39. Qf3 Qf5 40. h3 Rxg4 41. hxg4 Qb1+ 42. Kg2 Qxa2 43. Qxf4 Qc2 0-1

[Event "Pavlodar op"]
[Site "Pavlodar"]
[Date "2007.12.19"]
[Round "5"]
[White "Mankeyev, Rauan"]
[Black "Kotsur, Pavel"]
[Result "0-1"]
[WhiteElo "2402"]
[BlackElo "2589"]
[PlyCount "64"]
[EventDate "2007.12.16"]
[EventType "swiss"]
[EventRounds "11"]
[EventCountry "KAZ"]
[SourceTitle "CBM 122 Extra"]
[Source "ChessBase"]
[SourceDate "2008.03.04"]
[SourceVersion "1"]
[SourceVersionDate "2008.03.04"]
[SourceQuality "1"]

1. d4 d6 2. Nf3 g6 3. c4 Bg7 4. Nc3 Nf6 5. e4 0-0 6. Be2 Na6 7. 0-0 e5 8. Be3 Ng4 9. Bg5 Qe8 10. h3 h6 11. Bh4 Nf6 12. dxe5 dxe5 13. Nd2 c6 14. a3 Nc5 15. Bg3 Nfd7 16. b4 Ne6 17. c5 Qe7 18. Bc4 Rd8 19. Bxe6 Qxe6 20. Qe2 b6 21. cxb6 Nxb6 22. Rfd1 a5 23. bxa5 Ba6 24. Qe3 Nd7 25. Na4 Rab8 26. Bh4 Rdc8 27. Rac1 Bf8 28. Nf3 c5 29. Rxd7 Qxd7 30. Nb6 Qe6 31. Nxc8 Rxc8 32. Bg3 f6 0-1

[Event "Pavlodar op"]
[Site "Pavlodar"]
[Date "2007.12.18"]
[Round "4"]
[White "Gnusarev, Pavel"]
[Black "Mankeyev, Rauan"]
[Result "0-1"]
[WhiteElo "2397"]
[BlackElo "2402"]
[PlyCount "41"]
[EventDate "2007.12.16"]
[EventType "swiss"]
[EventRounds "11"]
[EventCountry "KAZ"]
[SourceTitle "CBM 122 Extra"]
[Source "ChessBase"]
[SourceDate "2008.03.04"]
[SourceVersion "1"]
[SourceVersionDate "2008.03.04"]
[SourceQuality "1"]

1. d4 Nf6 2. c4 e6 3. Nf3 c5 4. d5 exd5 5. cxd5 d6 6. Nc3 g6 7. Bf4 Bg7 8. Qa4+ Bd7 9. Qb3 Qc7 10. e4 Nh5 11. Be3 0-0 12. Nd2 f5 13. exf5 gxf5 14. Be2 f4 15. Bxc5 f3 16. Bxf3 Rxf3 17. gxf3 Qxc5 18. Qxb7 Nf4 19. Rg1 Qb6 20. Qxa8 Bf5 21. Kd1 0-1

[Event "Olomouc Jihlavanka Cup GM-B"]
[Site "Olomouc"]
[Date "2007.08.01"]
[Round "1"]
[White "Mankeyev, Rauan"]
[Black "Kraemer, Martin"]
[Result "0-1"]
[WhiteElo "2402"]
[BlackElo "2437"]
[PlyCount "108"]
[EventDate "2007.08.01"]
[EventType "tourn"]
[EventRounds "11"]
[EventCountry "CZE"]
[EventCategory "8"]
[SourceTitle "CBM 119 Extra"]
[Source "ChessBase"]
[SourceDate "2007.09.04"]
[SourceVersion "1"]
[SourceVersionDate "2007.09.04"]
[SourceQuality "1"]

1. d4 Nf6 2. c4 e6 3. Nc3 Bb4 4. Qc2 c5 5. dxc5 0-0 6. Nf3 Na6 7. a3 Bxc3+ 8. Qxc3 Nxc5 9. b4 Nce4 10. Qd4 d6 11. Nd2 e5 12. Qe3 Nxd2 13. Bxd2 b6 14. Qd3 Be6 15. e4 Rc8 16. Rc1 Qe7 17. Be2 Rc7 18. 0-0 Rfc8 19. f3 Bxc4 20. Rxc4 Rxc4 21. Qxc4 Rxc4 22. Bxc4 d5 23. exd5 Nxd5 24. Bxd5 Qd8 25. Rc1 h6 26. Be4 f5 27. Bxf5 Qxd2 28. Rc8+ Kf7 29. Kf1 Qd1+ 30. Kf2 Qd4+ 31. Ke2 Qb2+ 32. Rc2 Qxa3 33. b5 a5 34. bxa6 Qxa6+ 35. Bd3 Qa7 36. h4 Qb8 37. Rc4 Qd6 38. Be4 b5 39. Rc6 Qd8 40. h5 b4 41. Bd3 Ke7 42. Rc5 Qd6 43. Rb5 Qd4 44. g4 Kf6 45. Rb7 Qb2+ 46. Ke3 Qd4+ 47. Ke2 Qb2+ 48. Ke3 b3 49. Be4 Qd4+ 50. Ke2 b2 51. Kf1 Qd2 52. Kg1 Kg5 53. Rxg7+ Kf4 54. g5 hxg5 0-1

[Event "Pardubice Czech op"]
[Site "Pardubice"]
[Date "2007.07.25"]
[Round "6"]
[White "Novotny, Michal"]
[Black "Mankeyev, Rauan"]
[Result "0-1"]
[WhiteElo "2219"]
[BlackElo "2402"]
[PlyCount "130"]
[EventDate "2007.07.20"]
[EventType "swiss"]
[EventRounds "9"]
[EventCountry "CZE"]
[SourceTitle "CBM 119 Extra"]
[Source "ChessBase"]
[SourceDate "2007.09.04"]
[SourceVersion "1"]
[SourceVersionDate "2007.09.04"]
[SourceQuality "1"]

1. e4 c5 2. Nf3 d6 3. d4 cxd4 4. Nxd4 Nf6 5. Nc3 g6 6. Bc4 Bg7 7. 0-0 Nc6 8. Re1 0-0 9. Bb3 Bd7 10. Bg5 Rc8 11. Nxc6 Bxc6 12. Nd5 Bxd5 13. exd5 Qd7 14. Qd3 Rfe8 15. Rad1 b5 16. c3 a5 17. a3 Ng4 18. Bf4 Ne5 19. Bxe5 Bxe5 20. Re4 Rc5 21. Qe3 Bf6 22. Re1 Kg7 23. h4 h5 24. Qd3 Qf5 25. R1e3 Rb8 26. Rf3 Qd7 27. Rg3 b4 28. axb4 axb4 29. c4 Bxb2 30. Re6 Bf6 31. Bc2 Qe8 32. Re4 Ra5 33. Kh2 Ra3 34. Bb3 Qc8 35. Rf3 Ra1 36. Rxe7 Bxe7 37. Qd4+ Kg8 38. Qxa1 Bxh4 39. Qd4 Bg5 40. Qa7 Qb7 41. Qd4 Qe7 42. g3 Rc8 43. Kg2 Bh6 44. Qb6 Bd2 45. Qa6 Rc7 46. Qa2 Bc3 47. Re3 Qf6 48. Qa8+ Kg7 49. Qe8 Bd4 50. Rf3 Qe7 51. Qb8 Bc5 52. Bc2 Ra7 53. Rf4 Ra2 54. Re4 Qa7 55. Qxa7 Bxa7 56. Re2 b3 57. Bd3 Bd4 58. Kf3 Kf6 59. c5 Bxc5 60. Bc4 Rc2 61. Bd3 Rxe2 62. Kxe2 Ke5 63. Bc4 b2 64. Ba2 g5 65. f3 g4 0-1

[Event "Alushta Summer 1st"]
[Site "Alushta"]
[Date "2007.06.12"]
[Round "13"]
[White "Mankeyev, Rauan"]
[Black "Belikov, Vladimir"]
[Result "1/2-1/2"]
[WhiteElo "2402"]
[BlackElo "2564"]
[PlyCount "42"]
[EventDate "2007.06.02"]
[EventType "tourn"]
[EventRounds "13"]
[EventCountry "UKR"]
[EventCategory "7"]
[SourceTitle "CBM 119 Extra"]
[Source "ChessBase"]
[SourceDate "2007.09.04"]
[SourceVersion "1"]
[SourceVersionDate "2007.09.04"]
[SourceQuality "1"]

1. d4 d5 2. c4 dxc4 3. Nf3 c6 4. a4 Nf6 5. Nc3 Bf5 6. Ne5 Nbd7 7. Nxc4 Nd5 8. Qb3 Bg6 9. f3 e5 10. Nxe5 Nxe5 11. Nxd5 Qxd5 12. Qxd5 cxd5 13. dxe5 Bb4+ 14. Kf2 Rc8 15. Be3 Rc2 16. Rd1 Rxb2 17. Rxd5 Rb1 18. Bc5 Be1+ 19. Ke3 b6 20. Bd6 Bc2 21. Rd4 Bf5 1/2-1/2

[Event "Alushta Summer 1st"]
[Site "Alushta"]
[Date "2007.06.11"]
[Round "12"]
[White "Shishkin, Vadim"]
[Black "Mankeyev, Rauan"]
[Result "1/2-1/2"]
[WhiteElo "2515"]
[BlackElo "2402"]
[PlyCount "86"]
[EventDate "2007.06.02"]
[EventType "tourn"]
[EventRounds "13"]
[EventCountry "UKR"]
[EventCategory "7"]
[SourceTitle "CBM 119 Extra"]
[Source "ChessBase"]
[SourceDate "2007.09.04"]
[SourceVersion "1"]
[SourceVersionDate "2007.09.04"]
[SourceQuality "1"]

1. d4 Nf6 2. c4 e6 3. Nc3 Bb4 4. Qc2 b6 5. e4 Bb7 6. Bd3 Nc6 7. Nf3 e5 8. d5 Nd4 9. Nxd4 exd4 10. a3 Ba5 11. b4 dxc3 12. Qxc3 Qe7 13. 0-0 d6 14. bxa5 0-0-0 15. f3 Nd7 16. a4 Qe5 17. Bb2 Qxc3 18. Bxc3 Nc5 19. Be2 f6 20. Rfb1 Rde8 21. Rb2 bxa5 22. Bxa5 Ba6 23. Bb4 Kd7 24. Bxc5 dxc5 25. Rab1 Kd6 26. Kf2 Rhf8 27. Bd3 c6 28. f4 g6 29. a5 Kc7 30. g3 Re7 31. Rd2 Kd6 32. Kf3 cxd5 33. exd5 Rfe8 34. Re2 Rxe2 35. Bxe2 Kc7 36. Bd3 f5 37. h3 h5 38. Kf2 Bc8 39. Rb2 Re7 40. Rb5 Kd6 41. g4 fxg4 42. hxg4 Bxg4 43. Bxg6 h4 1/2-1/2

[Event "Alushta Summer 1st"]
[Site "Alushta"]
[Date "2007.06.09"]
[Round "10"]
[White "Annaberdiev, Meilis"]
[Black "Mankeyev, Rauan"]
[Result "0-1"]
[WhiteElo "2447"]
[BlackElo "2402"]
[PlyCount "74"]
[EventDate "2007.06.02"]
[EventType "tourn"]
[EventRounds "13"]
[EventCountry "UKR"]
[EventCategory "7"]
[SourceTitle "CBM 119 Extra"]
[Source "ChessBase"]
[SourceDate "2007.09.04"]
[SourceVersion "1"]
[SourceVersionDate "2007.09.04"]
[SourceQuality "1"]

1. d4 d5 2. Nf3 Nf6 3. Bf4 Bf5 4. c4 e6 5. Qb3 dxc4 6. Qxc4 Qd5 7. Qxd5 Nxd5 8. Bd2 Nb4 9. Bxb4 Bxb4+ 10. Nbd2 c5 11. dxc5 Ke7 12. a3 Bxc5 13. g4 Bxg4 14. Ne5 Bh5 15. Bg2 Nd7 16. Nxd7 Kxd7 17. Ne4 Bb6 18. Ng3 Bg6 19. Bxb7 Rab8 20. Ba6 Ke7 21. Rc1 h5 22. b4 h4 23. Nf1 Rhd8 24. Ne3 Rd6 25. b5 Ba5+ 26. Kf1 Rbd8 27. Kg2 Rd2 28. Nc4 Be4+ 29. Kh3 Rxe2 30. Nxa5 Rd3+ 31. Kxh4 Bf5 32. h3 Kf6 33. Bb7 Rxf2 34. Rc4 Rf1 35. Rh2 Rg1 36. a4 g5+ 37. Kh5 Rd8 0-1

[Event "Alushta Summer 1st"]
[Site "Alushta"]
[Date "2007.06.08"]
[Round "9"]
[White "Harutjunyan, Gevorg"]
[Black "Mankeyev, Rauan"]
[Result "0-1"]
[WhiteElo "2404"]
[BlackElo "2402"]
[PlyCount "82"]
[EventDate "2007.06.02"]
[EventType "tourn"]
[EventRounds "13"]
[EventCountry "UKR"]
[EventCategory "7"]
[SourceTitle "CBM 119 Extra"]
[Source "ChessBase"]
[SourceDate "2007.09.04"]
[SourceVersion "1"]
[SourceVersionDate "2007.09.04"]
[SourceQuality "1"]

1. e4 c5 2. Nf3 d6 3. d4 cxd4 4. Nxd4 Nf6 5. Nc3 g6 6. Be3 Bg7 7. f3 0-0 8. Qd2 Nc6 9. Bc4 Bd7 10. Bb3 Rc8 11. h4 h5 12. 0-0-0 Ne5 13. Bg5 Rc5 14. g4 hxg4 15. f4 Nc4 16. Qe2 b5 17. f5 gxf5 18. exf5 Re5 19. Qg2 Ne3 20. Bxe3 Rxe3 21. h5 Bh6 22. Kb1 Kh8 23. Nd5 Nxd5 24. Qxd5 Qa8 25. Qxa8 Rxa8 26. Bxf7 Rf8 27. Be6 Bxe6 28. fxe6 b4 29. Rhg1 Rf4 30. Nc6 Rxe6 31. Nxa7 Bg7 32. Nc6 Kh7 33. Rd3 Kh6 34. Rb3 Ree4 35. Rh1 Bf6 36. a4 Rc4 37. Na5 Rc7 38. Rg3 Ra7 39. Nc6 Rxa4 40. Re3 Rf2 41. Nxe7 b3 0-1

[Event "Alushta Summer 1st"]
[Site "Alushta"]
[Date "2007.06.07"]
[Round "7"]
[White "Khudiakov, Alexandr"]
[Black "Mankeyev, Rauan"]
[Result "0-1"]
[WhiteElo "2182"]
[BlackElo "2402"]
[PlyCount "28"]
[EventDate "2007.06.02"]
[EventType "tourn"]
[EventRounds "13"]
[EventCountry "UKR"]
[EventCategory "7"]
[SourceTitle "CBM 119 Extra"]
[Source "ChessBase"]
[SourceDate "2007.09.04"]
[SourceVersion "1"]
[SourceVersionDate "2007.09.04"]
[SourceQuality "1"]

1. e4 c5 2. Nf3 d6 3. d4 cxd4 4. Nxd4 Nf6 5. Nc3 g6 6. f3 Bg7 7. Be3 Nc6 8. Qd2 0-0 9. 0-0-0 d5 10. exd5 Nxd5 11. Nxd5 Qxd5 12. Nxc6 Qxc6 13. Bd4 Rd8 14. Qc3 Bh6+ 0-1

[Event "Alushta Summer 1st"]
[Site "Alushta"]
[Date "2007.06.07"]
[Round "8"]
[White "Mankeyev, Rauan"]
[Black "Simonian, Hrair"]
[Result "1-0"]
[WhiteElo "2402"]
[BlackElo "2402"]
[PlyCount "87"]
[EventDate "2007.06.02"]
[EventType "tourn"]
[EventRounds "13"]
[EventCountry "UKR"]
[EventCategory "7"]
[SourceTitle "CBM 119 Extra"]
[Source "ChessBase"]
[SourceDate "2007.09.04"]
[SourceVersion "1"]
[SourceVersionDate "2007.09.04"]
[SourceQuality "1"]

1. e4 c5 2. Nf3 e6 3. d4 cxd4 4. Nxd4 Nf6 5. Nc3 Nc6 6. Nxc6 bxc6 7. e5 Nd5 8. Ne4 Qc7 9. f4 Qb6 10. c4 Bb4+ 11. Ke2 f5 12. Nf2 Ba6 13. Kf3 Ne7 14. Be3 Bc5 15. Bxc5 Qxc5 16. Qd6 Qb6 17. b3 c5 18. Be2 Rc8 19. Rad1 Bb7+ 20. Ke3 Rc7 21. Bf3 Bxf3 22. gxf3 Qb7 23. Rhg1 Rg8 24. h4 Nc6 25. Nd3 Nd4 26. Nxc5 Qxf3+ 27. Kxd4 Qf2+ 28. Kc3 Qxc5 29. Qxc5 Rxc5 30. b4 Rc6 31. h5 Ra6 32. Kb3 Ke7 33. a4 Rc6 34. b5 Rc7 35. a5 Kf7 36. Rd3 Rgc8 37. Rdg3 Rg8 38. Kb4 g6 39. a6 Rcc8 40. c5 Ra8 41. Rd3 Rgd8 42. hxg6+ hxg6 43. Rh1 Kg7 44. Rhd1 1-0

[Event "Chigorin Memorial-A 14th"]
[Site "St Petersburg"]
[Date "2006.10.30"]
[Round "9"]
[White "Anisimov, Pavel"]
[Black "Mankeyev, Rauan"]
[Result "0-1"]
[WhiteElo "2527"]
[BlackElo "2388"]
[PlyCount "88"]
[EventDate "2006.10.23"]
[EventType "swiss"]
[EventRounds "9"]
[EventCountry "RUS"]
[SourceTitle "EXT 2007"]
[Source "ChessBase"]
[SourceDate "2006.11.23"]
[SourceVersion "1"]
[SourceVersionDate "2006.11.23"]
[SourceQuality "1"]

1. e4 c5 2. Nf3 d6 3. d4 cxd4 4. Nxd4 Nf6 5. Nc3 g6 6. Be3 Bg7 7. f3 Nc6 8. Qd2 0-0 9. Bc4 Bd7 10. 0-0-0 Rc8 11. Bb3 Ne5 12. h4 h5 13. Bg5 Rc5 14. g4 hxg4 15. f4 Nc4 16. Qe2 b5 17. f5 gxf5 18. exf5 Re5 19. Qd3 Qc8 20. Rhf1 Nd5 21. Nxd5 Rxd5 22. f6 exf6 23. Bxf6 Re8 24. Qg3 Re4 25. Qf2 Qe8 26. Bxg7 Kxg7 27. c3 Qe7 28. h5 Rxh5 29. Kb1 a5 30. a4 d5 31. Rh1 Rxh1 32. Rxh1 Re3 33. Bc2 Rh3 34. Rf1 bxa4 35. Bf5 Rf3 36. Nxf3 Bxf5+ 37. Ka2 gxf3 38. Qg1+ Bg6 39. Re1 Qf6 40. Rf1 Qf4 41. Rf2 Qe3 42. Qf1 Nd2 43. Qg1 Ne4 44. Rf1 Qxg1 0-1

[Event "Chigorin Memorial-A 14th"]
[Site "St Petersburg"]
[Date "2006.10.29"]
[Round "8"]
[White "Mankeyev, Rauan"]
[Black "Iskusnyh, Sergei"]
[Result "1/2-1/2"]
[WhiteElo "2388"]
[BlackElo "2520"]
[PlyCount "94"]
[EventDate "2006.10.23"]
[EventType "swiss"]
[EventRounds "9"]
[EventCountry "RUS"]
[SourceTitle "EXT 2007"]
[Source "ChessBase"]
[SourceDate "2006.11.23"]
[SourceVersion "1"]
[SourceVersionDate "2006.11.23"]
[SourceQuality "1"]

1. d4 Nf6 2. Nf3 g6 3. c4 Bg7 4. Nc3 0-0 5. e4 d6 6. Be2 Na6 7. 0-0 e5 8. Re1 Qe8 9. Bf1 Bg4 10. d5 Nb4 11. Be2 a5 12. Be3 Na6 13. h3 Bd7 14. Rb1 Nh5 15. Nd2 f5 16. exf5 Bxf5 17. Nde4 b6 18. b3 Nc5 19. Bf3 Nf6 20. Bc1 Qf7 21. Rb2 Nfxe4 22. Nxe4 Nxe4 23. Bxe4 Qf6 24. Qd2 Rf7 25. Qg5 Qxg5 26. Bxg5 Bf6 27. Bc1 Raf8 28. Rc2 h5 29. Ree2 Kh7 30. a3 Bg7 31. a4 Bh6 32. Bb2 Bg5 33. Bxf5 gxf5 34. Ba3 Ra8 35. Ra2 e4 36. b4 Bf6 37. bxa5 bxa5 38. Bb2 Kg6 39. Bxf6 Kxf6 40. f4 Rg8 41. Rab2 Rg3 42. Rb5 Rc3 43. Rxa5 Rxc4 44. Kf2 Re7 45. Ra8 h4 46. a5 Ra4 47. a6 Ra1 1/2-1/2

[Event "Chigorin Memorial-A 14th"]
[Site "St Petersburg"]
[Date "2006.10.25"]
[Round "3"]
[White "Mankeyev, Rauan"]
[Black "Citak, Selim"]
[Result "1/2-1/2"]
[WhiteElo "2388"]
[BlackElo "2312"]
[PlyCount "70"]
[EventDate "2006.10.23"]
[EventType "swiss"]
[EventRounds "9"]
[EventCountry "RUS"]
[SourceTitle "EXT 2007"]
[Source "ChessBase"]
[SourceDate "2006.11.23"]
[SourceVersion "1"]
[SourceVersionDate "2006.11.23"]
[SourceQuality "1"]

1. Nf3 d5 2. d4 e6 3. c4 c5 4. cxd5 exd5 5. Nc3 Nc6 6. g3 Nf6 7. Bg2 Be7 8. 0-0 0-0 9. dxc5 Bxc5 10. Bg5 d4 11. Ne4 Be7 12. Bxf6 Bxf6 13. b4 a6 14. a4 d3 15. Nxf6+ Qxf6 16. Qxd3 Nxb4 17. Qd4 Qe7 18. Qb2 a5 19. Rfd1 Bd7 20. Nd4 Rab8 21. e4 Rfc8 22. f4 Rc7 23. e5 Rbc8 24. Qe2 Nc2 25. Nxc2 Rxc2 26. Qe3 Bc6 27. Bh3 Rd8 28. f5 Re8 29. e6 fxe6 30. fxe6 Qc5 31. Qxc5 Rxc5 32. Rd4 Rf5 33. Rf4 Re5 34. Rd1 Bd5 35. Rb1 Bxe6 1/2-1/2

[Event "Chigorin Memorial-A 14th"]
[Site "St Petersburg"]
[Date "2006.10.23"]
[Round "1"]
[White "Mankeyev, Rauan"]
[Black "Turov, Maxim"]
[Result "0-1"]
[WhiteElo "2388"]
[BlackElo "2556"]
[PlyCount "64"]
[EventDate "2006.10.23"]
[EventType "swiss"]
[EventRounds "9"]
[EventCountry "RUS"]
[SourceTitle "EXT 2007"]
[Source "ChessBase"]
[SourceDate "2006.11.23"]
[SourceVersion "1"]
[SourceVersionDate "2006.11.23"]
[SourceQuality "1"]

1. d4 Nf6 2. Nf3 e6 3. c4 Bb4+ 4. Bd2 a5 5. g3 d6 6. Nc3 Nbd7 7. a3 Bxc3 8. Bxc3 Ne4 9. Qc2 Nxc3 10. Qxc3 b6 11. Bg2 Bb7 12. 0-0 a4 13. Rad1 0-0 14. Nh4 Bxg2 15. Nxg2 e5 16. dxe5 Nxe5 17. Rd5 f5 18. Nf4 Qe7 19. Rfd1 g5 20. Nd3 Ng6 21. Re1 Qe6 22. Nb4 Rf7 23. Rdd1 f4 24. Nd5 Raf8 25. Rd4 fxg3 26. Qxg3 Rxf2 27. Qxf2 Rxf2 28. Kxf2 c6 29. Nc3 Qe5 30. Red1 Qxh2+ 31. Kf1 Ne5 32. Rxd6 g4 0-1